Manga les plus populaires en France - Statistiques

Statistiques générales
  • Ce quiz a été pris 236 fois
  • Le résultat moyen est 9 sur 20
Statistiques - réponses
Hint Réponse % Correct
1 One Piece
99%
7 Naruto
96%
16 Dragon Ball
88%
3 Demon Slayer
61%
5 Jujutsu Kaisen
59%
2 My Hero Academia
56%
12 Death Note
55%
10 Fairy Tail
48%
15 Blue Lock
47%
4 L'attaque des titans
46%
14 One Punch Man
36%
8 Berserk
34%
19 Assassination Classroom
29%
9 Chainsaw Man
27%
18 Fullmetal Alchemist
27%
17 Tokyo Revengers
24%
6 Spy x Family
20%
11 The Promised Neverland
13%
13 Kaiju n8
10%
20 Les Carnets de l'Apothicaire
9%
Aucun quiz correspondant
Distribution des résultats
% des personnes avec chaque résultat
Percentile par nombre de réponses
Votre historique - résultats
Vous n’avez pas pris ce quiz